00680nam a2200145 4500008001000000020001500010082001500025100002900040245011900069260004700188300003500235505013400270650008700404700004300491750 B588b a9968997633 a750bB588b aArguedas, Adrián et al aAdrián Arguedas, Emilia Villegas, Joaquín Rodríguez del Paso:bVII Bienal Internacional de Pintura de Cuenca aSan José, Costa ricabTEOR/éTicac2001 a48 p.bill (col)c20 x 21.5 cm tOpciones para un debate pictórico: Emilia Villegas, Adrián Arguedas y Joaquín Rodríguez del PasorVirginia Pérez-Ratton xarte contemporáneoxarte - exhibicionesxarte - Bienal de Cuencaxarte - pintura aPérez-Ratton, Virginia (curaduría)